Cedulario de Encinas / (Record no. 12620)

MARC details
000 -LEADER
campo de control de longitud fija 00871nam a2200253 i 4500
001 - NÚMERO DE CONTROL
campo de control 12620
003 - IDENTIFICADOR DE NÚMERO DE CONTROL
campo de control ES-MaACL
005 - FECHA Y HORA DE LA ÚLTIMA TRANSACCIÓN
campo de control 20251003152032.0
007 - CAMPO FIJO DE DESCRIPCIÓN FÍSICA--INFORMACIÓN GENERAL
campo de control de longitud fija t|
008 - DATOS DE LONGITUD FIJA--INFORMACIÓN GENERAL
campo de control de longitud fija 930201s1990 sp ||||0| spa d
020 ## - NÚMERO INTERNACIONAL ESTÁNDAR DEL LIBRO
Número Internacional Estándar del Libro 84-7232-510-5
080 ## - NÚMERO DE LA CLASIFICACIÓN DECIMAL UNIVERSAL
Número de la Clasificación Decimal Universal 970(093)
245 00 - MENCIÓN DEL TÍTULO
Título Cedulario de Encinas /
Mención de responsabilidad, etc. estudio e índices de Alfonso García-Gallo.
260 ## - PUBLICACIÓN, DISTRIBUCIÓN, ETC.
Lugar de publicación, distribución, etc. Madrid :
Nombre del editor, distribuidor, etc. Cultura Hispánica :
-- Agencia Española de Cooperación Internacional,
Fecha de publicación, distribución, etc. [1990]
300 ## - DESCRIPCIÓN FÍSICA
Extensión 457 p. ;
Dimensiones 34 cm.
490 1# - MENCIÓN DE SERIE
Mención de serie Historia de la civilización
651 ## - PUNTO DE ACCESO ADICIONAL DE MATERIA--NOMBRE GEOGRÁFICO
Nombre geográfico América Latina-
Subdivisión general Historia-
Subdivisión de forma Fuentes.
9 (RLIN) 7748
700 1# - ENTRADA AGREGADA--NOMBRE PERSONAL
Nombre de persona García-Gallo, Alfonso,
Fechas asociadas al nombre 1911-1992
9 (RLIN) 54644
700 1# - ENTRADA AGREGADA--NOMBRE PERSONAL
Nombre de persona Encinas, Diego de.
9 (RLIN) 47180
710 2# - ENTRADA AGREGADA--NOMBRE DE ENTIDAD CORPORATIVA
Nombre de entidad corporativa o nombre de jurisdicción como elemento de entrada Agencia Española de Cooperación Internacional.
9 (RLIN) 1266
830 1# - PUNTO DE ACCESO ADICIONAL DE SERIE-TÍTULO UNIFORME
Título uniforme Historia de la civilización
9 (RLIN) 187819
852 ## - LOCALIZACIÓN
Ubicación ES-MaACL
Número de control de estantería L-19947
Holdings
Estatus retirado Estado de pérdida Estado de daño No para préstamo Biblioteca de origen Biblioteca actual Ubicación en estantería Fecha de adquisición Fuente de adquisición Total de préstamos Signatura topográfica completa Código de barras Visto por última vez Precio de reemplazo Tipo de ítem Koha
        Biblioteca del Ateneo de Madrid Biblioteca del Ateneo de Madrid Depósito 2 17/01/2008     L-19947 1012856 23/02/2023 23/02/2023 Libro impreso